[Event "Bundesliga 9596"]
[Site "Deutschland"]
[Date "1996.??.??"]
[Round "?.5"]
[White "Stangl, Markus"]
[Black "Pichler, Juergen"]
[Result "1/2-1/2"]
[WhiteElo "2565"]
[BlackElo "2420"]
[PlyCount "137"]
[EventDate "1995.10.??"]
[EventType "team"]
[EventRounds "15"]
[EventCountry "GER"]
[SourceTitle "Bundesliga 9596"]
[Source "DeepChess"]
[SourceDate "2005.01.01"]
[SourceVersion "1"]
[SourceVersionDate "2005.01.01"]
[SourceQuality "1"]
[WhiteTeam "SG Porz e.V."]
[BlackTeam "SK Passau 1869"]
[WhiteTeamCountry "GER"]
[BlackTeamCountry "GER"]

1. c4 Nf6 2. Nf3 e6 3. g3 b6 4. Bg2 Bb7 5. O-O Be7 6. Nc3 O-O 7. Re1 d5 8. cxd5
Nxd5 9. e4 Nxc3 10. bxc3 c5 11. d4 Nd7 12. Bf4 cxd4 13. cxd4 Rc8 14. d5 exd5
15. exd5 Bf6 16. Rc1 Rxc1 17. Bxc1 Qa8 18. Ng5 h6 19. Ne4 Be5 20. Ba3 Rd8 21.
f4 Bf6 22. Nxf6+ Nxf6 23. Be7 Rxd5 24. Bxd5 Nxd5 25. Bd6 Qd8 26. Be5 Qd7 27.
Qd2 Qc6 28. Rc1 Qg6 29. Qc2 Qg4 30. Re1 Qd7 31. a3 Bc6 32. Qc4 Bb7 33. Bb2 Bc6
34. Qd4 f6 35. Qc4 Kh8 36. Kf2 Kg8 37. Ba1 Kh8 38. Qe4 Nc7 39. Qd4 Nd5 40. Qc4
Bb7 41. Qe4 Qd6 42. Bd4 Qxa3 43. Bxf6 Nxf6 44. Qxb7 h5 45. Qc8+ Kh7 46. Qc2+
Kh8 47. h3 h4 48. Qc8+ Kh7 49. Qf5+ Kg8 50. gxh4 Qb2+ 51. Re2 Qd4+ 52. Kg2 a5
53. Rc2 a4 54. h5 a3 55. Rc8+ Kf7 56. Rc7+ Kg8 57. Rc8+ Kf7 58. Qc2 Qd5+ 59.
Kh2 Nxh5 60. Qc7+ Kg6 61. Qxb6+ Kh7 62. Qb1+ g6 63. Qc1 Qf3 64. Qc7+ Ng7 65.
Qa7 Qxf4+ 66. Kg2 Qg5+ 67. Kh2 Qd2+ 68. Kg1 Qg5+ 69. Kh2 1/2-1/2

[Event "Bundesliga 9596"]
[Site "Deutschland"]
[Date "1996.??.??"]
[Round "?.6"]
[White "Baumhus, Reinhard"]
[Black "Hickl, Joerg"]
[Result "0-1"]
[WhiteElo "2360"]
[BlackElo "2580"]
[PlyCount "82"]
[EventDate "1995.10.??"]
[EventType "team"]
[EventRounds "15"]
[EventCountry "GER"]
[SourceTitle "Bundesliga 9596"]
[Source "DeepChess"]
[SourceDate "2005.01.01"]
[SourceVersion "1"]
[SourceVersionDate "2005.01.01"]
[SourceQuality "1"]
[WhiteTeam "SK Passau 1869"]
[BlackTeam "SG Porz e.V."]
[WhiteTeamCountry "GER"]
[BlackTeamCountry "GER"]

1. e4 g6 2. d4 d6 3. Nc3 Bg7 4. Nge2 Nc6 5. d5 Nb8 6. g3 c6 7. Bg2 Nf6 8. O-O
O-O 9. h3 Nbd7 10. Re1 Re8 11. a4 Qc7 12. Be3 a6 13. b3 Nf8 14. Qd2 Bd7 15. a5
Rac8 16. Ra2 h5 17. dxc6 bxc6 18. Na4 Rb8 19. Nb6 c5 20. Nc3 Bc6 21. Ncd5 Qb7
22. Bg5 N8h7 23. Bf4 Nd7 24. Nc4 Rbd8 25. Bh6 Bh8 26. g4 hxg4 27. hxg4 Ne5 28.
Nxe5 Bxe5 29. f4 Bd4+ 30. Kh1 e6 31. Nb6 Nf6 32. c3 Nxg4 33. cxd4 Nxh6 34. f5
Ng4 35. fxg6 fxg6 36. Bf3 Qh7+ 37. Kg1 Qh4 38. Rf1 Rf8 39. Qg2 Rf4 40. d5 exd5
41. e5 Kg7 0-1

[Event "Bundesliga 9596"]
[Site "Deutschland"]
[Date "1996.??.??"]
[Round "?.7"]
[White "Vogt, Lothar"]
[Black "Goetz, Ralph"]
[Result "1-0"]
[WhiteElo "2490"]
[BlackElo "2335"]
[PlyCount "55"]
[EventDate "1995.10.??"]
[EventType "team"]
[EventRounds "15"]
[EventCountry "GER"]
[SourceTitle "Bundesliga 9596"]
[Source "DeepChess"]
[SourceDate "2005.01.01"]
[SourceVersion "1"]
[SourceVersionDate "2005.01.01"]
[SourceQuality "1"]
[WhiteTeam "SG Porz e.V."]
[BlackTeam "SK Passau 1869"]
[WhiteTeamCountry "GER"]
[BlackTeamCountry "GER"]

1. e4 c5 2. Nf3 e6 3. d4 cxd4 4. Nxd4 Nf6 5. Nc3 Nc6 6. Ndb5 d6 7. Bf4 e5 8.
Bg5 a6 9. Na3 b5 10. Bxf6 gxf6 11. Nd5 f5 12. exf5 Bxf5 13. c3 Bg7 14. Nc2 Be6
15. g3 O-O 16. Bg2 Rb8 17. O-O a5 18. Qh5 Qd7 19. Rad1 b4 20. Nce3 bxc3 21.
bxc3 Rb2 22. g4 f5 23. gxf5 Rxf5 24. Nxf5 Bxf5 25. Ne3 Be6 26. Be4 h6 27. Nf5
d5 28. Nxh6+ 1-0

[Event "Bundesliga 9596"]
[Site "Deutschland"]
[Date "1996.??.??"]
[Round "?.8"]
[White "Schlingensiepen, Christian"]
[Black "Mainka, Romuald"]
[Result "1-0"]
[WhiteElo "2305"]
[BlackElo "2495"]
[PlyCount "85"]
[EventDate "1995.10.??"]
[EventType "team"]
[EventRounds "15"]
[EventCountry "GER"]
[SourceTitle "Bundesliga 9596"]
[Source "DeepChess"]
[SourceDate "2005.01.01"]
[SourceVersion "1"]
[SourceVersionDate "2005.01.01"]
[SourceQuality "1"]
[WhiteTeam "SK Passau 1869"]
[BlackTeam "SG Porz e.V."]
[WhiteTeamCountry "GER"]
[BlackTeamCountry "GER"]

1. e4 e5 2. Nf3 Nc6 3. Bc4 Nf6 4. d4 exd4 5. O-O Nxe4 6. Re1 d5 7. Bxd5 Qxd5 8.
Nc3 Qa5 9. Nxe4 Be6 10. Bd2 Qd5 11. Bg5 d3 12. Re3 h6 13. Bh4 Bc5 14. c4 Qf5
15. Nxc5 Qxc5 16. Qxd3 O-O 17. b3 a5 18. Rae1 a4 19. Qc3 axb3 20. axb3 Ra2 21.
Ne5 Qd4 22. Nxc6 Qxh4 23. Rg3 g5 24. Ne7+ Kh7 25. Qd3+ Kg7 26. Qb1 Rfa8 27. Rf3
Qd4 28. Nf5+ Bxf5 29. Qxf5 Rf8 30. h4 Qxh4 31. Qf6+ Kg8 32. Re7 Ra6 33. Qe5 g4
34. Rexf7 Ra1+ 35. Qxa1 Rxf7 36. Qa8+ Kg7 37. Rxf7+ Kxf7 38. Qxb7 Qe7 39. Qd5+
Ke8 40. Qg8+ Kd7 41. Qxg4+ Kc6 42. Qf5 Kb6 43. g3 1-0

[Event "Bundesliga 9596"]
[Site "Deutschland"]
[Date "1995.??.??"]
[Round "?.2"]
[White "Huebner, Robert"]
[Black "Hodgson, Julian M"]
[Result "0-1"]
[WhiteElo "2630"]
[BlackElo "2590"]
[PlyCount "80"]
[EventDate "1995.10.??"]
[EventType "team"]
[EventRounds "15"]
[EventCountry "GER"]
[SourceTitle "Bundesliga 9596"]
[Source "DeepChess"]
[SourceDate "2005.01.01"]
[SourceVersion "1"]
[SourceVersionDate "2005.01.01"]
[SourceQuality "1"]
[WhiteTeam "SG Porz e.V."]
[BlackTeam "SK Zaehringen 1921"]
[WhiteTeamCountry "GER"]
[BlackTeamCountry "GER"]

1. d4 Nf6 2. Nf3 c5 3. d5 b5 4. a4 b4 5. c4 g6 6. Nbd2 d6 7. e4 Bg7 8. Bd3 O-O
9. O-O e5 10. dxe6 Bxe6 11. h3 Nc6 12. Nb3 Nd7 13. Ng5 h6 14. Nxe6 fxe6 15. f4
g5 16. fxg5 hxg5 17. Qg4 Rxf1+ 18. Bxf1 Nd4 19. Nxd4 Bxd4+ 20. Kh1 Qf6 21. Bxg5
Qg6 22. Be2 Bxb2 23. Rd1 Bd4 24. Be7 Qxg4 25. Bxg4 Re8 26. Bxd6 Nf6 27. Bf3 e5
28. g4 Re6 29. Bc7 Ne8 30. Bd8 Nd6 31. g5 b3 32. Bc7 Nf7 33. h4 b2 34. Rb1 Rc6
35. Bb8 Rb6 36. Bc7 Rb4 37. Be2 Rxa4 38. Kg2 Ra1 39. Bd3 a5 40. g6 Nh6 0-1

[Event "Bundesliga 9596"]
[Site "Deutschland"]
[Date "1995.??.??"]
[Round "?.3"]
[White "Siegel, Georg"]
[Black "Christiansen, Larry Mark"]
[Result "1-0"]
[WhiteElo "2480"]
[BlackElo "2590"]
[PlyCount "43"]
[EventDate "1995.10.??"]
[EventType "team"]
[EventRounds "15"]
[EventCountry "GER"]
[SourceTitle "Bundesliga 9596"]
[Source "DeepChess"]
[SourceDate "2005.01.01"]
[SourceVersion "1"]
[SourceVersionDate "2005.01.01"]
[SourceQuality "1"]
[WhiteTeam "SK Zaehringen 1921"]
[BlackTeam "SG Porz e.V."]
[WhiteTeamCountry "GER"]
[BlackTeamCountry "GER"]

1. d4 d5 2. c4 c6 3. Nf3 Nf6 4. Nc3 a6 5. c5 g6 6. Bf4 Nbd7 7. h3 Ne4 8. e3 Bg7
9. Be2 O-O 10. O-O Nxc3 11. bxc3 Qa5 12. c4 dxc4 13. Bxc4 e5 14. Bh2 b6 15. Ng5
exd4 16. Bxf7+ Kh8 17. Bd6 dxe3 18. fxe3 Qc3 19. Qe2 bxc5 20. Rac1 Qa3 21. Bb3
h6 22. Bxf8 1-0

[Event "Bundesliga 9596"]
[Site "Deutschland"]
[Date "1995.??.??"]
[Round "?.5"]
[White "Brendel, Oliver"]
[Black "Stangl, Markus"]
[Result "0-1"]
[WhiteElo "2385"]
[BlackElo "2560"]
[PlyCount "79"]
[EventDate "1995.10.??"]
[EventType "team"]
[EventRounds "15"]
[EventCountry "GER"]
[SourceTitle "Bundesliga 9596"]
[Source "DeepChess"]
[SourceDate "2005.01.01"]
[SourceVersion "1"]
[SourceVersionDate "2005.01.01"]
[SourceQuality "1"]
[WhiteTeam "SK Zaehringen 1921"]
[BlackTeam "SG Porz e.V."]
[WhiteTeamCountry "GER"]
[BlackTeamCountry "GER"]

1. e4 c5 2. Nf3 d6 3. d4 cxd4 4. Nxd4 Nf6 5. Nc3 a6 6. Be3 e5 7. Nb3 Be7 8. f3
Be6 9. Qd2 Nbd7 10. g4 O-O 11. h4 b5 12. a4 b4 13. Nd5 Bxd5 14. exd5 Nb6 15. a5
Nbxd5 16. g5 Nxe3 17. gxf6 Nxc2+ 18. Qxc2 Bxf6 19. Bd3 Bxh4+ 20. Kf1 h6 21. Be4
Ra7 22. Rd1 Kh8 23. Qd3 f5 24. Bxf5 d5 25. Nc5 e4 26. Qxd5 Rxf5 27. Qxd8+ Bxd8
28. Rxd8+ Kh7 29. Nxe4 Rxf3+ 30. Kg2 Rf5 31. Rb8 Rxa5 32. Rxb4 Rc7 33. Rd1 Re5
34. Rdd4 Rf7 35. Kg3 a5 36. Rb6 Rfe7 37. Kf3 Rf5+ 38. Kg3 Ree5 39. Rb7 Re6 40.
Kg4 $138 0-1

[Event "Bundesliga 9596"]
[Site "Deutschland"]
[Date "1995.??.??"]
[Round "?.6"]
[White "Hickl, Joerg"]
[Black "Schmaltz, Roland"]
[Result "1/2-1/2"]
[WhiteElo "2570"]
[BlackElo "2450"]
[PlyCount "70"]
[EventDate "1995.10.??"]
[EventType "team"]
[EventRounds "15"]
[EventCountry "GER"]
[SourceTitle "Bundesliga 9596"]
[Source "DeepChess"]
[SourceDate "2005.01.01"]
[SourceVersion "1"]
[SourceVersionDate "2005.01.01"]
[SourceQuality "1"]
[WhiteTeam "SG Porz e.V."]
[BlackTeam "SK Zaehringen 1921"]
[WhiteTeamCountry "GER"]
[BlackTeamCountry "GER"]

1. g3 g6 2. Bg2 Bg7 3. c4 Nf6 4. Nc3 d6 5. d3 O-O 6. Nf3 e5 7. O-O h6 8. Rb1 a5
9. a3 Re8 10. Nd2 c6 11. b4 axb4 12. axb4 Be6 13. Bb2 Nbd7 14. Ra1 Rb8 15. Ra5
h5 16. Nde4 Nxe4 17. Nxe4 Qe7 18. c5 dxc5 19. bxc5 Red8 20. Qc2 Bd5 21. Rc1 Bf8
22. h4 Ra8 23. Qa4 Rxa5 24. Qxa5 Bxe4 25. Bxe4 Qe8 26. Qb4 Rb8 27. d4 Qe6 28.
Bc2 b6 29. Bb3 Qe7 30. Qc4 bxc5 31. dxe5 Nb6 32. Qc2 c4 33. Ba2 Bg7 34. Ba1
Bxe5 35. Bxe5 Qxe5 1/2-1/2

[Event "Bundesliga 9596"]
[Site "Deutschland"]
[Date "1995.??.??"]
[Round "?.8"]
[White "Mainka, Romuald"]
[Black "Mathonia, Claude"]
[Result "1-0"]
[WhiteElo "2530"]
[BlackElo "2210"]
[PlyCount "83"]
[EventDate "1995.10.??"]
[EventType "team"]
[EventRounds "15"]
[EventCountry "GER"]
[SourceTitle "Bundesliga 9596"]
[Source "DeepChess"]
[SourceDate "2005.01.01"]
[SourceVersion "1"]
[SourceVersionDate "2005.01.01"]
[SourceQuality "1"]
[WhiteTeam "SG Porz e.V."]
[BlackTeam "SK Zaehringen 1921"]
[WhiteTeamCountry "GER"]
[BlackTeamCountry "GER"]

1. e4 d5 2. exd5 Qxd5 3. Nc3 Qa5 4. d4 Nf6 5. Nf3 c6 6. Ne5 Be6 7. Nc4 Bxc4 8.
Bxc4 e6 9. Qe2 Nbd7 10. Bd2 Bb4 11. O-O O-O 12. a3 Bxc3 13. Bxc3 Qc7 14. g3 b5
15. Bd3 Nb6 16. b3 a5 17. Qe5 Nbd5 18. Bd2 Qxe5 19. dxe5 Nd7 20. Rfe1 Nc5 21.
Bf1 a4 22. b4 Na6 23. Rec1 Nac7 24. c4 bxc4 25. Rxc4 Nb5 26. Bc1 Rfd8 27. Ra2
Ndc3 28. Ra1 Rac8 29. Bg5 Rd4 30. Rc1 Rxc4 31. Bxc4 Ne4 32. Bxb5 Nxg5 33. Kg2
Ne4 34. Rxc6 Rxc6 35. Bxc6 Nd2 36. Bxa4 Nc4 37. Bb5 Nxe5 38. a4 Ng6 39. a5 Ne7
40. a6 Nc8 41. Bd7 Nb6 42. a7 1-0

[Event "Bundesliga 9596"]
[Site "Deutschland"]
[Date "1995.??.??"]
[Round "?.1"]
[White "Van der Sterren, Paul"]
[Black "Lutz, Christopher"]
[Result "1/2-1/2"]
[WhiteElo "2545"]
[BlackElo "2575"]
[PlyCount "179"]
[EventDate "1995.10.??"]
[EventType "team"]
[EventRounds "15"]
[EventCountry "GER"]
[SourceTitle "Bundesliga 9596"]
[Source "DeepChess"]
[SourceDate "2005.01.01"]
[SourceVersion "1"]
[SourceVersionDate "2005.01.01"]
[SourceQuality "1"]
[WhiteTeam "SV Castrop Rauxel 1923"]
[BlackTeam "SG Porz e.V."]
[WhiteTeamCountry "GER"]
[BlackTeamCountry "GER"]

1. d4 f5 2. g3 Nf6 3. Bg2 g6 4. Nf3 Bg7 5. O-O O-O 6. c4 d6 7. Nc3 Qe8 8. d5
Na6 9. Rb1 Bd7 10. b4 c6 11. dxc6 bxc6 12. a3 Nc7 13. Bb2 Ne6 14. e3 Nd8 15. b5
Rb8 16. a4 a6 17. Nd4 cxb5 18. cxb5 axb5 19. Ndxb5 Nf7 20. Ba1 Ng5 21. h4 Nf7
22. Qe2 Ne5 23. a5 Bc6 24. Bxc6 Qxc6 25. Nd4 Qc4 26. Qxc4+ Nxc4 27. Ne6 Nxa5
28. Nxf8 Rxf8 29. Rfc1 Nc6 30. Rb7 Re8 31. Ne2 Nd8 32. Rb8 Ne6 33. Rxe8+ Nxe8
34. Bxg7 Kxg7 35. Rc8 Kf7 36. Nc3 Nf6 37. Ra8 Nc5 38. Ra7 Ncd7 39. Nd5 Nxd5 40.
Rxd7 Nf6 41. Ra7 h6 42. Ra5 Ke6 43. Kf1 Kf7 44. Ke2 Ke6 45. Ra8 Kf7 46. f3 Kg7
47. Ra1 Kf7 48. Kd3 Nh5 49. Rg1 Nf6 50. Kd4 Ke6 51. e4 fxe4 52. fxe4 Ng4 53.
Rf1 Nf6 54. Rf3 Ng4 55. Rf8 Ne5 56. Ke3 Ng4+ 57. Kd4 Ne5 58. h5 gxh5 59. Rf5
Nf7 60. Rxh5 Kd7 61. Rf5 Ke8 62. Kd5 Ng5 63. Rf1 Kd7 64. Kd4 Ke6 65. Rf8 Nf7
66. Rg8 Kf6 67. Kd5 e6+ 68. Kd4 Ne5 69. Rf8+ Kg7 70. Ra8 Kf6 71. Ke3 Nc4+ 72.
Kf4 Ne5 73. Ra6 Nf7 74. Rb6 Kg6 75. Kg4 Ne5+ 76. Kh3 Nf7 77. Kh4 Kf6 78. Kh5
Kg7 79. g4 Kf6 80. Ra6 Kg7 81. Ra8 Kf6 82. Rg8 d5 83. exd5 exd5 84. Ra8 d4 85.
Ra6+ Ke5 86. Kg6 Nd6 87. Kxh6 d3 88. Ra1 Kf4 89. Kh5 Ne4 90. Rd1 1/2-1/2

[Event "Bundesliga 9596"]
[Site "Deutschland"]
[Date "1995.??.??"]
[Round "?.2"]
[White "Huebner, Robert"]
[Black "Hoffmann, Michael"]
[Result "1/2-1/2"]
[WhiteElo "2630"]
[BlackElo "2485"]
[PlyCount "61"]
[EventDate "1995.10.??"]
[EventType "team"]
[EventRounds "15"]
[EventCountry "GER"]
[SourceTitle "Bundesliga 9596"]
[Source "DeepChess"]
[SourceDate "2005.01.01"]
[SourceVersion "1"]
[SourceVersionDate "2005.01.01"]
[SourceQuality "1"]
[WhiteTeam "SG Porz e.V."]
[BlackTeam "SV Castrop Rauxel 1923"]
[WhiteTeamCountry "GER"]
[BlackTeamCountry "GER"]

1. d4 Nf6 2. Nf3 e6 3. g3 d5 4. Bg2 b5 5. O-O Be7 6. c3 O-O 7. Bg5 Nbd7 8. Nbd2
c5 9. Re1 Bb7 10. Ne5 Nxe5 11. dxe5 Nd7 12. Bxe7 Qxe7 13. e4 dxe4 14. Bxe4 Bxe4
15. Rxe4 Rfd8 16. a4 bxa4 17. Qe2 Nb6 18. Nc4 Rd7 19. Nd6 f5 20. Rh4 h6 21. Qb5
Rc7 22. Nc4 Rb8 23. Rxa4 Qd7 24. Qxd7 Rxd7 25. Nxb6 Rxb6 26. Ra2 Rd5 27. Rha4
Rxe5 28. Rxa7 Rd5 29. Kg2 Rd2 30. Re7 Rbxb2 31. Rxb2 1/2-1/2

[Event "Bundesliga 9596"]
[Site "Deutschland"]
[Date "1995.??.??"]
[Round "?.3"]
[White "Watson, William N"]
[Black "Christiansen, Larry Mark"]
[Result "1/2-1/2"]
[WhiteElo "2530"]
[BlackElo "2590"]
[PlyCount "67"]
[EventDate "1995.10.??"]
[EventType "team"]
[EventRounds "15"]
[EventCountry "GER"]
[SourceTitle "Bundesliga 9596"]
[Source "DeepChess"]
[SourceDate "2005.01.01"]
[SourceVersion "1"]
[SourceVersionDate "2005.01.01"]
[SourceQuality "1"]
[WhiteTeam "SV Castrop Rauxel 1923"]
[BlackTeam "SG Porz e.V."]
[WhiteTeamCountry "GER"]
[BlackTeamCountry "GER"]

1. e4 d5 2. exd5 Qxd5 3. Nc3 Qa5 4. d4 Nf6 5. Bc4 c6 6. Bd2 Bf5 7. Nd5 Qd8 8.
Nxf6+ exf6 9. Bf4 Bd6 10. Qe2+ Kf8 11. Bxd6+ Qxd6 12. Qd2 b5 13. Bb3 Nd7 14. a4
h5 15. Ne2 h4 16. axb5 cxb5 17. Ra5 a6 18. O-O g6 19. Qf4 Qb4 20. Ra3 Kg7 21.
Nc3 Qf8 22. Nd5 h3 23. Ne3 Be6 24. Bxe6 fxe6 25. Rfa1 Qb8 26. Qxb8 Nxb8 27. Ra5
Nc6 28. Rxa6 Rxa6 29. Rxa6 Nxd4 30. c3 Ne2+ 31. Kf1 hxg2+ 32. Nxg2 Rxh2 33.
Kxe2 Rxg2 34. Rxe6 1/2-1/2

[Event "Bundesliga 9596"]
[Site "Deutschland"]
[Date "1995.??.??"]
[Round "?.4"]
[White "Vaganian, Rafael A"]
[Black "Libeau, Rene"]
[Result "1/2-1/2"]
[WhiteElo "2645"]
[BlackElo "2460"]
[PlyCount "94"]
[EventDate "1995.10.??"]
[EventType "team"]
[EventRounds "15"]
[EventCountry "GER"]
[SourceTitle "Bundesliga 9596"]
[Source "DeepChess"]
[SourceDate "2005.01.01"]
[SourceVersion "1"]
[SourceVersionDate "2005.01.01"]
[SourceQuality "1"]
[WhiteTeam "SG Porz e.V."]
[BlackTeam "SV Castrop Rauxel 1923"]
[WhiteTeamCountry "GER"]
[BlackTeamCountry "GER"]

1. Nf3 Nf6 2. c4 c6 3. d4 d5 4. Nc3 e6 5. Bg5 Nbd7 6. e3 Qa5 7. cxd5 Nxd5 8.
Qd2 Bb4 9. Rc1 O-O 10. Bd3 e5 11. O-O exd4 12. exd4 N7f6 13. Rfe1 Qd8 14. Bb1
Be6 15. Ne5 Be7 16. a3 Nxc3 17. Qxc3 Qd5 18. Nf3 Rfe8 19. Re5 Qd6 20. Rce1 g6
21. Qc1 Ng4 22. R5e2 Kg7 23. Bxe7 Rxe7 24. Qc3 Nf6 25. Ng5 Rae8 26. Re5 Bd5 27.
Qg3 Nd7 28. Rxe7 Rxe7 29. Rxe7 Qxe7 30. Qe3 Qxe3 31. fxe3 f5 32. e4 fxe4 33.
Bxe4 Bxe4 34. Nxe4 b6 35. Kf2 h6 36. Ke3 Kf7 37. h4 Ke6 38. Nf2 c5 39. dxc5
Nxc5 40. Ne4 Nd7 41. Kd4 Ne5 42. Ng3 Nf7 43. a4 Nd6 44. b4 a6 45. h5 gxh5 46.
Nxh5 Nf5+ 47. Ke4 Nd6+ 1/2-1/2

[Event "Bundesliga 9596"]
[Site "Deutschland"]
[Date "1995.??.??"]
[Round "?.6"]
[White "Hickl, Joerg"]
[Black "Sehner, Norbert"]
[Result "1-0"]
[WhiteElo "2570"]
[BlackElo "2420"]
[PlyCount "73"]
[EventDate "1995.10.??"]
[EventType "team"]
[EventRounds "15"]
[EventCountry "GER"]
[SourceTitle "Bundesliga 9596"]
[Source "DeepChess"]
[SourceDate "2005.01.01"]
[SourceVersion "1"]
[SourceVersionDate "2005.01.01"]
[SourceQuality "1"]
[WhiteTeam "SG Porz e.V."]
[BlackTeam "SV Castrop Rauxel 1923"]
[WhiteTeamCountry "GER"]
[BlackTeamCountry "GER"]

1. g3 d5 2. Bg2 c6 3. Nf3 Bg4 4. b3 Nd7 5. Bb2 e6 6. O-O Ngf6 7. d3 Bc5 8. a3
a5 9. c4 O-O 10. Nbd2 Qe7 11. h3 Bh5 12. Qc2 Rfd8 13. Rfe1 e5 14. e3 Bd6 15.
Nh4 Qe6 16. f4 Bg6 17. Nf1 dxc4 18. bxc4 Ne8 19. Rad1 Qe7 20. Qc3 Bh5 21. Nf5
Qf6 22. g4 Bc7 23. N5g3 Bxg4 24. hxg4 exf4 25. exf4 Qg6 26. Nf5 Kf8 27. Qd2
Ndf6 28. Nh2 Nxg4 29. Rxe8+ Kxe8 30. Qe2+ Kd7 31. Qxg4 Qxg4 32. Nxg4 g6 33.
Nf6+ Kc8 34. Ne7+ Kb8 35. Be5 Bxe5 36. fxe5 Rd4 37. Bxc6 1-0

[Event "Bundesliga 9596"]
[Site "Deutschland"]
[Date "1995.??.??"]
[Round "?.7"]
[White "Dinstuhl, Volkmar"]
[Black "Vogt, Lothar"]
[Result "1/2-1/2"]
[WhiteElo "2355"]
[BlackElo "2475"]
[PlyCount "100"]
[EventDate "1995.10.??"]
[EventType "team"]
[EventRounds "15"]
[EventCountry "GER"]
[SourceTitle "Bundesliga 9596"]
[Source "DeepChess"]
[SourceDate "2005.01.01"]
[SourceVersion "1"]
[SourceVersionDate "2005.01.01"]
[SourceQuality "1"]
[WhiteTeam "SV Castrop Rauxel 1923"]
[BlackTeam "SG Porz e.V."]
[WhiteTeamCountry "GER"]
[BlackTeamCountry "GER"]

1. Nf3 Nf6 2. g3 g6 3. b3 Bg7 4. Bb2 d6 5. d4 c5 6. Bg2 cxd4 7. Nxd4 d5 8. O-O
O-O 9. c4 dxc4 10. bxc4 Nbd7 11. Nd2 a6 12. Rc1 Nc5 13. N2b3 Qc7 14. Ba3 Ne6
15. Nxe6 Bxe6 16. Nd4 Bg4 17. h3 Bc8 18. Qa4 Rb8 19. c5 Rd8 20. Rfd1 e5 21. Nb3
Bd7 22. Qa5 Qc8 23. Qb6 e4 24. Na5 Re8 25. Rd6 Be6 26. Rcd1 Bf8 27. Bb2 Nd7 28.
Rxd7 Bxc5 29. Qc7 Qxc7 30. Rxc7 Bb6 31. Rxb7 Bxa5 32. Rxb8 Rxb8 33. Bf6 Bxa2
34. Bxe4 Bb4 35. Rd7 a5 36. Ra7 Bb3 37. Bc6 Be6 38. h4 h5 39. Be5 Rc8 40. Bb5
Bd5 41. Kh2 Ra8 42. Rd7 Bb3 43. Rb7 Bd5 44. Rd7 Be6 45. Rb7 Bf8 46. Ba4 Bg7 47.
Bc7 Bd4 48. e3 Bc3 49. e4 Rc8 50. Kg2 Ra8 1/2-1/2

[Event "Bundesliga 9596"]
[Site "Deutschland"]
[Date "1995.??.??"]
[Round "?.8"]
[White "Mainka, Romuald"]
[Black "Hermesmann, Hans"]
[Result "1-0"]
[WhiteElo "2530"]
[BlackElo "2275"]
[PlyCount "101"]
[EventDate "1995.10.??"]
[EventType "team"]
[EventRounds "15"]
[EventCountry "GER"]
[SourceTitle "Bundesliga 9596"]
[Source "DeepChess"]
[SourceDate "2005.01.01"]
[SourceVersion "1"]
[SourceVersionDate "2005.01.01"]
[SourceQuality "1"]
[WhiteTeam "SG Porz e.V."]
[BlackTeam "SV Castrop Rauxel 1923"]
[WhiteTeamCountry "GER"]
[BlackTeamCountry "GER"]

1. e4 c5 2. Nf3 d6 3. d4 cxd4 4. Nxd4 Nf6 5. Nc3 Nc6 6. Bg5 a6 7. Bxf6 gxf6 8.
Qd2 e6 9. Nb3 Bd7 10. O-O-O Qc7 11. Kb1 O-O-O 12. Be2 h5 13. h4 Kb8 14. g3 Rc8
15. f4 Be7 16. Rhf1 Na5 17. Nd4 Nc4 18. Bxc4 Qxc4 19. e5 d5 20. Nf3 f5 21. Ne2
Bb4 22. c3 Ba5 23. Ng5 Be8 24. Qe3 Qc7 25. Nd4 Bb6 26. Rc1 Qe7 27. Qd3 Rc7 28.
Rfe1 Bd7 29. Ka1 Rhc8 30. Nh7 Rc4 31. Kb1 Bxd4 32. cxd4 Qb4 33. a3 Rxc1+ 34.
Rxc1 Rxc1+ 35. Kxc1 Qe1+ 36. Kc2 Bb5 37. Qc3 Qe2+ 38. Kb3 Bc4+ 39. Kb4 b6 40.
a4 Qd1 41. a5 Qa1 42. axb6 a5+ 43. Kc5 Qa4 44. Nf6 Kb7 45. Kd6 Kxb6 46. Ke7 Kb5
47. Kxf7 Qb4 48. Qxb4+ Kxb4 49. Kxe6 Kb3 50. Kd6 Kxb2 51. e6 1-0

[Event "Bundesliga 9596"]
[Site "Deutschland"]
[Date "1996.??.??"]
[Round "?.2"]
[White "Shirov, Alexei"]
[Black "Huebner, Robert"]
[Result "1/2-1/2"]
[WhiteElo "2690"]
[BlackElo "2635"]
[PlyCount "85"]
[EventDate "1995.10.??"]
[EventType "team"]
[EventRounds "15"]
[EventCountry "GER"]
[SourceTitle "Bundesliga 9596"]
[Source "DeepChess"]
[SourceDate "2005.01.01"]
[SourceVersion "1"]
[SourceVersionDate "2005.01.01"]
[SourceQuality "1"]
[WhiteTeam "SV Empor Berlin e.V."]
[BlackTeam "SG Porz e.V."]
[WhiteTeamCountry "GER"]
[BlackTeamCountry "GER"]

1. e4 c5 2. Nf3 Nc6 3. d4 cxd4 4. Nxd4 Qc7 5. Nc3 e6 6. Be2 a6 7. Be3 Nf6 8.
O-O Bb4 9. Na4 Be7 10. c4 Nxe4 11. c5 O-O 12. Rc1 Rd8 13. Qc2 Nf6 14. Nb6 Rb8
15. Rfd1 d5 16. cxd6 Bxd6 17. Bf3 Nd5 18. Bxd5 exd5 19. Qa4 Bxh2+ 20. Kh1 Be5
21. Nxc6 bxc6 22. Nxd5 Qb7 23. Qxc6 Kh8 24. Nb6 Rg8 25. Nxc8 Qxc8 26. Qxc8
Rgxc8 27. Rxc8+ Rxc8 28. b4 h6 29. Rd5 f6 30. Bc5 Rb8 31. g4 Bc3 32. Rd3 Be1
33. Rb3 Rc8 34. Kg2 a5 35. a3 Bd2 36. Kf3 Bc1 37. Rd3 Kg8 38. Ke2 Kf7 39. Kd1
Bf4 40. Kc2 axb4 41. axb4 Ke6 42. Kb3 f5 43. f3 1/2-1/2